Science Quiz

Random Science or Chemistry Quiz

Krebs Cycle (Map) Quiz Stats

 Plays Quiz not verified by Sporcle

Score 0/10 Timer 06:00
0 Plays Today
% Correct
Pyruvate
89.9%
Citrate
87.1%
Acetyl-CoA
86.8%
Malate
76.6%
Oxaloacetate
75.6%
Succinate
74.7%
D-Isocitrate
72.9%
Fumarate
72%
Succinyl-CoA
68.7%
α-ketoglutarate
65.5%

You're not logged in!

Compare scores with friends on all Sporcle quizzes.
OR
Log In

Show Comments

Extras

Top Quizzes Today


Score Distribution

Your Account Isn't Verified!

In order to create a playlist on Sporcle, you need to verify the email address you used during registration. Go to your Sporcle Settings to finish the process.

Report this User

Report this user for behavior that violates our Community Guidelines.

Details: